000 00653nam a2200205 a 4500
001 000013424
005 20221102093909.0
008 091124s2005 dr c r 000 0 spa d
020 _a9993481246
040 _aDO-SdBNP
_bspa
_cBNPHU
082 _axxxx
_bS593d
100 1 _aSimó, Dennis R.
_914023
245 1 0 _aDiscursos del Rector /
_cDennis R. Simó.
260 _aSanto Domingo :
_bUNAPEC,
_c2005.
300 _a82 p. :
_bretrs. ;
_c22 cm.
490 1 _aUNAPEC por un mundo mejor
_aDesde la rectoría
_v1
590 _aInventariado, 2019/VM
710 2 _aUniversidad APEC
_930673
830 0 _aUNAPEC por un mundo mejor
_pDesde la rectoría
_n1
_930674
999 _c13050
_d13050